U.S. Interstates Longer Than 500 Miles - Statistics

General Stats
  • This quiz has been taken 75 times
  • The average score is 22 of 25
Answer Stats
Length (mi) Length (km) Interstate % Correct
2460.34 3,959.53 10
100%
1381.29 2,222.97 5
100%
3020.44 4,860.93 90
100%
1539.38 2,477.39 20
98%
1433.52 2,307.03 15
97%
1568.38 2,524.06 35
97%
1061.67 1,708.59 25
95%
2556.61 4,114.46 40
95%
2172.16 3,495.75 70
95%
2899.59 4,666.44 80
95%
1919.31 3,088.83 95
95%
887.30 1,427.97 65
94%
1786.47 2,875.04 75
94%
666.05 1,071.90 85
94%
964.25 1,551.81 55
92%
1585.20 2,551.13 94
83%
636.69 1,024.65 44
79%
963.52 1,550.64 64
79%
610.10 981.86 77
77%
855.02 1,376.02 81
76%
528.02 849.77 49
74%
879.82 1,415.93 69
74%
508.92 819.03 57
73%
755.51 1,215.88 29
71%
769.62 1,238.58 84
68%
No matching quizzes found
Score Distribution
Percent of People with Each Score
Percentile by Number Answered
Your Score History
You have not taken this quiz